Statistiken für Die Leiter des Zweiten Weltkriegs

Klicken Sie hier um das Quiz zu spielen!

Allgemein

  • Dieses Quiz wurde 228 mal gespielt
  • Das Durchschnittsergebnis liegt bei 5 aus 10

Antwortstatistiken

CountryOfficeTermAntwort% Korrekt
DeutschlandFührer1934-1945Adolf Hitler
99%
Vereinigtes KönigreichPremierminister1940-1945Winston Churchill
88%
SovietunionGeneralsekretär1922-1952Joseph Stalin
87%
ItalienDuce1943-1945Benito Mussolini
71%
Vereinigte StaatenPräsident1933-1945Franklin D. Roosevelt
64%
Free FranceStaatsoberhaupt1940-1944Charles de Gaulle
32%
Vichy FranceLeiter1940-1944Philippe Pétain
19%
ChinaGeneralissimus1943-1948Chiang Kai-shek
8%
JapanPremierminister1941-1944Tojo Hideki
8%
NiederlandeKönigin1890-1948Wilhelmina
6%

Verteilung der Resultate

Perzentil nach korrekt beantworteten Fragen

Anzahl Personen mit jedem Resultat

Ihre Resultats-Entwicklung

Sie haben dieses Quiz noch nicht gespielt